European Championship Group Stage Goalscorers 2020 - Statistics

General Stats
  • This quiz has been taken 4 times
  • The average score is 36 of 94
Answer Stats
Group Nation Score Player % Correct
A Italy 2-0 Ciro Immobile
75%
A Italy 3-0 Ciro Immobile
75%
D Croatia 1-1 Ivan Perisic
75%
D Croatia 3-1 Ivan Perisic
75%
B Belgium 2-1 Kevin De Bruyne
75%
D Croatia 2-1 Luka Modric
75%
C Netherlands 1-0 Memphis Depay
75%
C Netherlands 1-0 Memphis Depay
75%
D Czech Republic 1-0 Patrik Schick
75%
D Czech Republic 2-0 Patrik Schick
75%
D Czech Republic 1-0 Patrik Schick
75%
D England 1-0 Raheem Sterling
75%
D England 1-0 Raheem Sterling
75%
B Belgium 1-0 Romelu Lukaku
75%
B Belgium 3-0 Romelu Lukaku
75%
B Belgium 2-0 Romelu Lukaku
75%
A Wales 1-0 Aaron Ramsey
50%
F Hungary 1-0 Adam Szalai
50%
E Spain 1-0 Alvaro Morata
50%
B Denmark 3-1 Andreas Christensen
50%
F France 1-1 Antoine Griezmann
50%
B Russia 2-1 Artem Dzyuba
50%
A Swizterland 1-0 Breel Embolo
50%
F Portugal 2-0 Cristiano Ronaldo
50%
F Portugal 3-0 Cristiano Ronaldo
50%
F Portugal 1-0 Cristiano Ronaldo
50%
F Portugal 1-0 Cristiano Ronaldo
50%
F Portugal 2-2 Cristiano Ronaldo
50%
F Portugal 4-2 Diogo Jota
50%
E Sweden 1-0 Emil Forsberg
50%
E Sweden 1-0 Emil Forsberg
50%
E Sweden 2-0 Emil Forsberg
50%
C North Macedonia 1-1 Goran Pandev
50%
A Italy 1-0 Manuel Locatelli
50%
A Italy 2-0 Manuel Locatelli
50%
C Austria 3-1 Marko Arnautovic
50%
A Turkey (OG) 1-0 Merih Demiral
50%
E Poland 1-1 Robert Lewandowski
50%
E Poland 2-1 Robert Lewandowski
50%
E Poland 2-2 Robert Lewandowski
50%
C Ukraine 2-2 Roman Yaremchuk
50%
C Ukraine 2-0 Roman Yaremchuk
50%
B Belgium 1-1 Thorgan Hazard
50%
C Netherlands 2-0 Wout Weghorst
50%
A Switzerland 2-0 Xherdan Shaqiri
50%
A Switzerland 3-1 Xherdan Shaqiri
50%
C Ukraine 2-1 Andriy Yarmolenko
25%
C Ukraine 1-0 Andriy Yarmolenko
25%
F Hungary 1-0 Attila Fiola
25%
E Spain 2-0 Aymeric Laporte
25%
D Scotland 1-1 Callum McGregor
25%
C Austria 1-0 Christoph Baumgartner
25%
C Netherlands 3-2 Denzel Dumfries
25%
C Netherlands 2-0 Denzel Dumfries
25%
C Netherlands 1-0 Georginio Wijnaldum
25%
C Netherlands 2-0 Georginio Wijnaldum
25%
C Netherlands 3-0 Georginio Wijnaldum
25%
A Turkey 2-1 Irfan Kahveci
25%
B Finland 1-0 Joel Pohjanpalo
25%
F Germany 3-1 Kai Havertz
25%
F Germany 1-1 Kai Havertz
25%
F France 1-1 Karim Benzema
25%
F France 2-1 Karin Benzema
25%
E Poland 1-1 Karol Linetty
25%
A Wales 1-1 Kieffer Moore
25%
F Germany 2-2 Leon Goretzka
25%
A Italy 3-0 Lorenzo Insigne
25%
E Slovakia (OG) 1-0 Martin Dubravka
25%
F Germany (OG) 1-0 Mats Hummels
25%
A Italy 1-0 Matteo Pessina
25%
C Austria 2-1 Michael Gregoritsch
25%
E Slovakia 2-1 Milan Skriniar
25%
D Croatia 1-0 Nikola Vlasic
25%
F Portugal 1-0 Raphael Guerreiro
25%
F Portugal (OG) 2-1 Raphael Guerreiro
25%
F Germany 4-1 Robin Gosens
25%
F Portugal (OG) 1-1 Ruben Dias
25%
E Poland (OG) 1-0 Wojciech Szczesny
25%
B Denmark 1-0 Yussuf Poulsen
25%
B Denmark 2-0 Yussuf Poulsen
25%
B Russia 1-0 Aleksei Miranchuk
0%
F Hungary 2-1 Andras Schafer
0%
A Wales 2-0 Connor Roberts
0%
C North Macedonia 2-1 Ezgjan Alioski
0%
E Spain 4-0 Ferran Torres
0%
A Switzerland 1-0 Haris Seferovic
0%
B Denmark 4-1 Joakim Maehle
0%
E Slovakia (OG) 5-0 Juraj Kucka
0%
B Finland (OG) 1-0 Lukas Hradecky
0%
B Denmark 1-0 Mikkel Damsgaard
0%
E Spain 3-0 Pablo Sarabia
0%
C Austria 1-0 Stefan Lainer
0%
B Belgium 2-0 Thomas Meunier
0%
E Sweden 3-2 Viktor Claesson
0%
No matching quizzes found
Score Distribution
Percent of People with Each Score
Percentile by Number Answered
Your Score History
You have not taken this quiz